Cinco días en Madrid / (Record no. 190128)

MARC details
000 -LEADER
campo de control de longitud fija 00524nam a2200169 i 4500
001 - NÚMERO DE CONTROL
campo de control 190128
003 - IDENTIFICADOR DE NÚMERO DE CONTROL
campo de control ES-MaACL
005 - FECHA Y HORA DE LA ÚLTIMA TRANSACCIÓN
campo de control 20230906223641.0
008 - DATOS DE LONGITUD FIJA--INFORMACIÓN GENERAL
campo de control de longitud fija 200731s1871 po |||| | spa d
080 ## - NÚMERO DE LA CLASIFICACIÓN DECIMAL UNIVERSAL
Número de la Clasificación Decimal Universal 908(460.271)"18"
100 1# - ENTRADA PRINCIPAL--NOMBRE DE PERSONA
Nombre de persona Coutinho Junior, Albano.
9 (RLIN) 170225
245 10 - MENCIÓN DEL TÍTULO
Título Cinco días en Madrid /
Mención de responsabilidad, etc. por Albano Coutinho Junior.
260 ## - PUBLICACIÓN, DISTRIBUCIÓN, ETC.
Lugar de publicación, distribución, etc. Lisboa :
Nombre del editor, distribuidor, etc. [s.n.],
Fecha de publicación, distribución, etc. 1871 (
Fabricante Imp. I.G. de Sousa Neves)
300 ## - DESCRIPCIÓN FÍSICA
Extensión 52 p. ;
Dimensiones 16 cm.
651 #4 - PUNTO DE ACCESO ADICIONAL DE MATERIA--NOMBRE GEOGRÁFICO
Nombre geográfico Madrid-
Subdivisión general Descripción-
Subdivisión cronológica S.XIX.
9 (RLIN) 8954
852 4# - LOCALIZACIÓN
Ubicación ES-MaACL
Número de control de estantería T-135-F-4
Holdings
Estatus retirado Estado de pérdida Estado de daño No para préstamo Colección Biblioteca de origen Biblioteca actual Ubicación en estantería Fecha de adquisición Fuente de adquisición Total de préstamos Signatura topográfica completa Código de barras Visto por última vez Precio de reemplazo Tipo de ítem Koha
        Colección de folletos Biblioteca del Ateneo de Madrid Biblioteca del Ateneo de Madrid Depósito folletos 04/04/2005     T-135-F-4 1201824 23/02/2023 23/02/2023 Folleto